Analýza dôchodkovosti v slovenskom poľnohospodárstve.

Charakteristika východiskového stavu APK pri vstupe do trhovej ekonomiky. Problémy hospodárenia v trhových podmienkach. Dôchodkovosť v poľnohospodárstve. Dôchodková situácia v jednotlivých regiónoch, ako aj z pohľadu medzipodnikovej diferenciácie.

Gespeichert in:
Bibliographische Detailangaben
1. Verfasser: Novák, J.
Weitere Verfasser: Sokolíková, H.
Format: Buchkapitel
Sprache:Slowakisch
Schlagworte:
Tags: Tag hinzufügen
Keine Tags, Fügen Sie das erste Tag hinzu!

MARC

LEADER 00000naa a2200000 4500
001 r009737
005 20220831090003.6
041 0 |a slo 
044 |a [CS] 
245 1 0 |a Analýza dôchodkovosti v slovenskom poľnohospodárstve.  |c J. Novák, H. Sokolíková 
520 |a Charakteristika východiskového stavu APK pri vstupe do trhovej ekonomiky. Problémy hospodárenia v trhových podmienkach. Dôchodkovosť v poľnohospodárstve. Dôchodková situácia v jednotlivých regiónoch, ako aj z pohľadu medzipodnikovej diferenciácie. 
610 2 0 |a poľnohospodárstvo 
610 2 0 |a Slovensko 
610 2 0 |a dôchodok podniku 
610 2 0 |a podnik poľnohospodársky 
610 2 0 |a výsledok hospodársky 
610 2 0 |a hospodárstvo trhové 
610 2 0 |a hospodárenie podnikové 
610 2 0 |a komplex poľnohospodársko-potravinársky 
100 1 |a Novák, J. 
700 1 |a Sokolíková, H.